000 00159nam a22000857a 4500
082 _a823
100 _aUNKNOWN
245 _aMORAL STORIES FOR CHILDREN
942 _cBK
999 _c8272
_d8272